000 00578nam a22001697a 4500
008 120116t xxu||||| |||| 00| 0 eng d
020 _a09614088
050 _aQA303
_b.S77 1991
100 _aStrang, Gilbert
245 _aCalculus/
_cGilbert Strang
260 _aUSA;
_bWellesley-Cambridge Press,
_c1991
300 _aXii, 614p.
500 _aIncludes index
650 _bCalculus
942 _2lcc
_cBK
999 _c39995
_d39995